000
00301nam a2200121Ia 4500
008
190216s9999||||xx |||||||||||||| ||und||
100
_a
Umesh Kumar Upal
245
0
_a
Hindi-Gazal Vidha Aur Dr. Karyee Kee Gazalein
260
_b
Slok Prakashan
_c
2009
300
_a
160
650
_a
Hindi
942
_c
BK
999
_c
16855
_d
16855